000 00899cam a22002654a 4500
999 _c7599
_d7599
003 OSt
005 20200316164323.0
008 100420s2011 nyua 001 0 eng
020 _a9781568989778 (alk. paper)
040 _aDLC
_cDLC
_dDLC
082 0 0 _a711.4
_222
_bCUF
245 0 0 _aFast-forward urbanism :
_brethinking architecture's engagement with the city /
_cDana Cuff and Roger Sherman, editors.
246 3 0 _aRethinking architecture's engagement with the city
250 _a1st ed.
260 _aNew York :
_bPrinceton Architectural Press,
_cc2011.
300 _a288 p. :
_bill. (some col.) ;
_c23 cm.
500 _aIncludes index.
650 0 _aCity planning
_xSocial aspects.
650 0 _aCity planning
_xEvaluation.
650 0 _aArchitects and community.
650 0 _aArchitecture and society.
700 1 _aCuff, Dana,
_d1953-
700 1 _aSherman, Roger,
_d1958-
942 _2ddc